Word Ladder: Blondie Songs Quiz Stats

 Plays Quiz Updated Jun 1, 2018

Challenge
Share
Tweet
Embed
Score 0/16 Timer 01:30
0 Plays Today
Hint Answer % Correct
4-Letter LadderRIDE
98.4%
4-Letter LadderHUGE
98.2%
4-Letter LadderRUDE
98.2%
4-Letter LadderHUGH
97.9%
4-Letter LadderLUGE
94.5%
4-Letter LadderLUDE
92.3%
5-Letter LadderHEARS
91.4%
5-Letter LadderBEARS
90.7%
Hint Answer % Correct
5-Letter LadderGRASS
87.8%
5-Letter LadderBRASS
83.3%
5-Letter LadderBRATS
82.1%
5-Letter LadderBEATS
79.9%
4-Letter Ladder♪ HIGH ♪
79.4%
4-Letter Ladder♪ TIDE ♪
69.4%
5-Letter Ladder♪ GLASS ♪
62.9%
5-Letter Ladder♪ HEART ♪
61.7%

Today's Daily Dose

You're not logged in!

Compare scores with friends on all Sporcle quizzes.
Join for Free
OR
Log In

You Might Also Like...

Show Comments

Extras

Top Quizzes Today


Score Distribution

Your Account Isn't Verified!

In order to create a playlist on Sporcle, you need to verify the email address you used during registration. Go to your Sporcle Settings to finish the process.

Report this User

Report this user for behavior that violates our Community Guidelines.

Details: